Wintrobe's atlas of clinical hematology / (Record no. 358839)
[ view plain ]
| 000 -LEADER | |
|---|---|
| fixed length control field | 00565nam a2200157Ia 4500 |
| 008 - FIXED-LENGTH DATA ELEMENTS--GENERAL INFORMATION | |
| fixed length control field | 180925s9999 xx 000 0 und d |
| 020 ## - INTERNATIONAL STANDARD BOOK NUMBER | |
| International Standard Book Number | 9781605476148 |
| 100 ## - MAIN ENTRY--PERSONAL NAME | |
| Personal name | Weksler,Babette B. |
| 245 ## - TITLE STATEMENT | |
| Statement of responsibility, etc | Babette B. Weksler, Geraldine P. Schechter, Scott A. Ely.-- |
| Title | Wintrobe's atlas of clinical hematology / |
| 250 ## - EDITION STATEMENT | |
| Edition statement | 2nd ed |
| 260 ## - PUBLICATION, DISTRIBUTION, ETC. (IMPRINT) | |
| Place of publication, distribution, etc | USA : |
| Name of publisher, distributor, etc | Wolters kluwer |
| Date of publication, distribution, etc | 2018 |
| 300 ## - PHYSICAL DESCRIPTION | |
| Extent | ix, 423 pages. |
| 500 ## - GENERAL NOTE | |
| General note | Inlcudes bibliographical reference and indexes. |
| 650 ## - SUBJECT ADDED ENTRY--TOPICAL TERM | |
| Topical term or geographic name as entry element | Hematologic diseases -- pathology. |
| 650 ## - SUBJECT ADDED ENTRY--TOPICAL TERM | |
| Topical term or geographic name as entry element | MESH : Hematologic diseases -- diagnosis. |
| Withdrawn status | Lost status | Damaged status | Home library | Current library | Shelving location | Date acquired | Source of acquisition | Total Checkouts | Full call number | Barcode | Date last seen | Price effective from | Koha item type |
|---|---|---|---|---|---|---|---|---|---|---|---|---|---|
| South SEED-LPDH College Library | South SEED-LPDH College Library | South SEED-LPDH College Section | 09/25/2018 | Library Fund | RB 145 .W43 2018 | SSLC1781 | 09/25/2018 | 09/25/2018 | Books |